000 00975nam a2200301 a 4500
999 _c5432
_d5432
001 014533813
003 Uk
005 20250918092219.0
008 080227s2008 enka 000 1 eng
020 _a9780194234283 (pbk.)
040 _aUk
_beng
_cUk
_dKH8
042 _aukblsr
082 0 4 _a428.6 BRO
_222
100 1 _aBrooke, Helen,
_eauthor.
245 1 0 _aMystery in London /
_cHelen Brooke ; illustrated by Ron Tiner.
250 _a[New ed.].
260 _aOxford :
_bOxford University Press,
_c2008.
300 _a40 p. :
_bcol. ill. ;
_c20 cm.
336 _atext
_2rdacontent
337 _aunmediated
_2rdamedia
338 _avolume
_2rdacarrier
490 1 _aOxford bookworms library. Starter. Crime & mystery
650 0 _aReaders
_xDetective and mystery stories.
650 0 _aSerial murderers
_zEngland
_zLondon
_vJuvenile fiction.
700 1 _aTiner, Ron,
_eillustrator.
830 0 _aOxford bookworms library.
_pStarter.
_pCrime & mystery
942 _2ddc
_cTR